000
00354pab a2200157 454500
008
180718b2006 xxu||||| |||| 00| 0 eng d
100
_a
Pallavi, Aparna
245
_a
Are trade unions anti-women?
260
_c
2006
300
_a
p.21-22.
362
_a
Jun
650
_a
Women
650
_a
Trade unions
773
_a
Social Welfare
909
_a
69887
999
_c
69887
_d
69887